Central Library OPAC University of Rajshahi

Aspiration of the South Korean people / (Record no. 25221)

MARC details
000 -LEADER
fixed length control field 00598nam a2200217 i 4500
001 - CONTROL NUMBER
control field 25221
003 - CONTROL NUMBER IDENTIFIER
rucl marc code BD-RjUL
005 - DATE AND TIME OF LATEST TRANSACTION
control field 20211209050841.0
008 - FIXED-LENGTH DATA ELEMENTS--GENERAL INFORMATION
fixed length control field 140316s1975 ko 000 0 eng d
035 ## - SYSTEM CONTROL NUMBER
System control number (BD-RjUL)25290
040 ## - CATALOGING SOURCE
Original cataloging agency DLC
Transcribing agency DLC
Modifying agency DLC
-- BD-RjUL
Language of cataloging eng
041 ## - LANGUAGE CODE
Language code of text/sound track or separate title eng
082 00 - DEWEY DECIMAL CLASSIFICATION NUMBER
Classification number 309.15195043
Author mark and year ASP 1975
245 00 - TITLE STATEMENT
Title Aspiration of the South Korean people /
260 ## - PUBLICATION, DISTRIBUTION, ETC. (IMPRINT)
Place of publication, distribution, etc. Pyongyang :
Name of publisher, distributor, etc. Foreign Languages Pub. House,
Date of publication, distribution, etc. 1975.
300 ## - PHYSICAL DESCRIPTION
Pagination 120 p. ;
Size 18 cm.
651 #0 - SUBJECT ADDED ENTRY--GEOGRAPHIC NAME
Geographic name Korea
General subdivision Social conditions.
9 (RLIN) 77577
942 ## - ADDED ENTRY ELEMENTS (KOHA)
Source of classification or shelving scheme Dewey Decimal Classification
Koha item type Books
Holdings
Lost status Source of classification or shelving scheme Damaged status Not for loan Collection code Permanent Location Current Location Shelving location Date acquired Source of acquisition Total Checkouts Full call number Date last seen Copy number Koha item type
  Dewey Decimal Classification   Added to bundle Non-fiction Central Library, University of Rajshahi Central Library, University of Rajshahi Reading Room 12/02/1982 Gift   309.15195043 ASP 1975 16/03/2014 C-1 Books